000 00667nam a2200229Ia 4500
005 20250108124819.0
008 008 250107s9999 xx 000 0 eng d
020 _a978-1-032-31030-5
037 _aTB
040 _aCRL
_beng
_cCRL
041 _aeng
_2eng
084 _aO168,1x Q3
084 _qCRL
100 _aThareja Reema (Shyama Prasad) Au.
_9729906
245 0 _aComputer science with python for CBSE class XI
_cThareja Reema (Shyama Prasad) Au.
260 _aChennai, India
_bUniversities Press
_c2285
300 _axviii,372p.
365 _aINR
_b100
650 _aENGINEERING
942 _cTB
_hO168,1x Q3
999 _c1234673
_d1234673